000 ncm a22 a 4500
999 _c301882
_d301882
003 BLK
005 20200402062850.0
008 180414b bul |a|er|||| |0| c|bulo|
010 _aNOT00001285000
040 _aBLK
041 _aDEU
_cDEU
080 _aСимфонии. За симфоничен оркестър
_b785.11.082.1
_z785.11.082.1
100 1 _aБетовен, Лудвиг ван
_eпърви автор
_938790
139 _aБетовен, Лудвиг ван
_bБ 42
245 1 0 _aSymphonie
_bNr.3 : Es-Dur : Eroika
_cЛудвиг ван Бетовен; rev. Max Unger; * Ludwig van Beethoven.
_sOp.55
254 _aПартитура
257 _aDEU
260 _bPeters 503
_cS. a.
300 _a176 с.
_c19 см
380 _a7
650 4 _aСимфонии
_9170960
653 _aсимфонии
700 1 _aUnger, Max
_erev.
_9361942
700 1 _aBeethoven, Ludwig van
_e*
_94813
852 _aЦб М 1314
_p0
856 4 _qpdf
_u
856 4 _qpdf
_u
942 _cNOT
_n0
_s1
944 _aCR
_c15.06.2005
_kВаля_Йорданова
944 _aED
_c09.11.2017
_kИрена_Линкова
944 _aED
_c2020-04-02
_kРенета Константинова
999 _d301882